| 000 | 00582nam a2200193 a 4500 | ||
|---|---|---|---|
| 005 | 20240224063728.0 | ||
| 008 | 060502s1998 mx r 000 0 spa d | ||
| 020 | _a8449408245 | ||
| 035 | _aUPN01000144120 | ||
| 049 | _aCG | ||
| 050 | 4 |
_aPQ6503 B3 _bL4 |
|
| 100 | 1 |
_aBécquer, Gustavo Adolfo, _d1836-1870 |
|
| 245 | 1 | 0 |
_aLeyendas / _cGustavo Adolfo Bécquer ; selec., pról. y notas de Nydia M. Grotta. |
| 260 |
_aBarcelona, Esp. : _bLosada : _bOceano, _c1998. |
||
| 300 | _a188 p. | ||
| 440 | 0 | _aClásicos universales | |
| 650 | 4 |
_aLeyendas españolas _916678 |
|
| 905 | _aLibro | ||
| 999 |
_c116267 _d116267 |
||